Catálogo
 En Linea

La nación que Duarte quiso / (Registro nro. 51832)

Detalles MARC
000 -CABECERA
campo de control de longitud fija 01342nam a2200241 a 4500
003 - IDENTIFICADOR DEL NÚMERO DE CONTROL
campo de control DO-SdBNP
005 - FECHA Y HORA DE LA ÚLTIMA TRANSACCIÓN
campo de control 20250910122621.0
007 - CAMPO FIJO DE DESCRIPCIÓN FÍSICA--INFORMACIÓN GENERAL
campo de control de longitud fija ta
008 - DATOS DE LONGITUD FIJA--INFORMACIÓN GENERAL
campo de control de longitud fija 220527e2004 dr gr|||| 001 e spa d
020 ## - NÚMERO INTERNACIONAL ESTÁNDAR DEL LIBRO
Número Internacional Estándar del Libro 9993424137
040 ## - FUENTE DE LA CATALOGACIÓN
Centro catalogador/agencia de origen DO-SdBNP
Lengua de catalogación spa
Centro/agencia transcriptor BNPHU
082 #4 - NÚMERO DE LA CLASIFICACIÓN DECIMAL DEWEY
Número de clasificación xxxx
Número de documento/Ítem P421n
Número de edición 22
100 1# - ENTRADA PRINCIPAL--NOMBRE DE PERSONA
9 (RLIN) 13174
Nombre de persona Pepén, Juan F.
Forma completa/desarrollada del nombre (Juan Felix)
Término indicativo de función/relación Mons.
Fechas asociadas al nombre 1920-2007
245 13 - MENCIÓN DE TÍTULO
Título La nación que Duarte quiso /
Mención de responsabilidad, etc. Juan F. Pepén ; editor, Raymundo González
260 ## - PUBLICACIÓN, DISTRIBUCIÓN, ETC.
Lugar de publicación, distribución, etc. Santo Domingo :
Nombre del editor, distribuidor, etc. Centro Poveda,
Fecha de publicación, distribución, etc. 2004.
300 ## - DESCRIPCIÓN FÍSICA
Extensión 202 p. ;
Dimensiones 21 cm
505 ## - NOTA DE CONTENIDO CON FORMATO
Nota de contenido con formato Primera Parte: El pensamiento.
Información miscelánea Capítulo 1.
Título El ideal durtiano.--
Información miscelánea Capítulo 2.
Título Duarte y los valores.--
Información miscelánea Capítulo 3.
Título Su Ideario.--
Información miscelánea Capítulo 4.
Título Identidad Nacional.--
Información miscelánea Capítulo 5.
Título La Patria.--
Información miscelánea Capítulo 6.
Título Símbolos patrios.--
Información miscelánea Capítulo 7.
Título Ante una crisis.--
Información miscelánea Capítulo 8.
Título La Reforma necesaria.--
Información miscelánea Capítulo 9.
Título Paz social.--
Información miscelánea Capítulo 10.
Título Nuestras instituciones.--
Información miscelánea Capítulo 11.
Título El bien común.--
Información miscelánea Capítulo 12.
Título Promoción integral.
Información miscelánea Capítulo 13.
Título Siempre adelante.--
Información miscelánea Capítulo 14.
Título Juntos y unidos.--
Información miscelánea Capítulo 15.
Título Con realismo.--
Información miscelánea Capítulo 16.
Título Por un proyecto nacional.--
-- Conclusión.
590 ## - NOTA LOCAL (RLIN)
Nota local Inventariado, 2022/ MFe
600 10 - PUNTO DE ACCESO ADICIONAL DE MATERIA--NOMBRE DE PERSONA
Nombre de persona Duarte, Juan Pablo,
Fechas asociadas al nombre 1813-1876
9 (RLIN) 1494
700 1# - PUNTO DE ACCESO ADICIONAL--NOMBRE DE PERSONA
Nombre de persona González, Raymundo
Término indicativo de función/relación ed.
9 (RLIN) 6373
910 ## - DATOS DE OPCIÓN DEL USUARIO (OCLC)
Datos de opción del usuario MFeliz
942 ## - ELEMENTOS DE PUNTO DE ACCESO ADICIONAL (KOHA)
Fuente del sistema de clasificación o colocación Dewey Decimal Classification
Tipo de ítem Koha Libro
Existencias
Estado de retiro Estado de pérdida Fuente del sistema de clasificación o colocación Restricciones de uso No para préstamo Código de colección Localización permanente Ubicación/localización actual Ubicación en estantería Fecha de adquisición Fuente de adquisición Signatura topográfica completa Código de barras Fecha visto por última vez Precio válido a partir de Tipo de ítem Koha
    Dewey Decimal Classification Excluido de préstamo   Patrimonio Dominicano Biblioteca Nacional Pedro Henríquez Ureña Biblioteca Nacional Pedro Henríquez Ureña Depósito 09.02.2022 Donado por Víctor Hugo P421 2022-2446 27.05.2022 27.05.2022 Libro

Con tecnología Koha